Gaming Quiz

Random Gaming or Pokémon Quiz

Pokémon Evolution Levels (Gen. I) Quiz Stats

 Plays Quiz not verified by Sporcle

Challenge
Share
Tweet
Embed
Score 0/72 Timer 06:00
0 Plays Today
Original State Level % Correct
Bulbasaur16
98.8%
Charmander16
97.8%
Charmeleon36
97.8%
Squirtle16
97.5%
Ivysaur32
97.2%
Wartortle36
97.2%
Metapod10
94.7%
Kakuna10
94.1%
Caterpie7
93.4%
Weedle7
93.4%
Pidgey18
92.5%
Pidgeotto36
92.5%
Rattata20
88.8%
Spearow20
87.2%
PikachuThunderstone
85%
Nidoran♀16
83.8%
NidorinaMoon Stone
83.4%
Nidoran♂16
83.4%
NidorinoMoon Stone
83.4%
ClefairyMoon Stone
83.1%
VulpixFire Stone
83.1%
JigglypuffMoon Stone
83.1%
GloomLeaf Stone
81.6%
Ekans22
80.3%
Sandshrew22
80%
Zubat22
80%
Oddish21
78.4%
Paras24
75.6%
KadabraTrade
75%
GrowlitheFire Stone
74.7%
MachokeTrade
74.7%
PoliwhirlWater Stone
74.1%
Diglett26
73.1%
GravelerTrade
72.8%
Abra16
72.5%
Meowth28
71.6%
Original State Level % Correct
WeepinbellLeaf Stone
71.6%
Machop28
70.9%
Venonat31
68.8%
Psyduck33
68.1%
Mankey28
68.1%
Poliwag25
67.8%
Bellsprout21
67.5%
Geodude25
66.6%
Ponyta40
64.1%
HaunterTrade
63.8%
Tentacool30
63.4%
Slowpoke37
59.7%
ShellderWater Stone
58.8%
EeveeWater Stone
58.4%
Gastly25
58.1%
Magnemite30
57.8%
EeveeThunderstone
57.2%
EeveeFire Stone
57.2%
ExeggcuteLeaf Stone
56.9%
Doduo31
55.6%
Seel34
55.6%
Grimer38
55.6%
Magikarp20
54.4%
Drowzee26
53.1%
Voltorb30
51.9%
Cubone28
51.6%
StaryuWater Stone
51.6%
Krabby28
51.3%
Dragonair55
50.6%
Dratini30
49.1%
Kabuto40
48.8%
Omanyte40
47.8%
Koffing35
47.2%
Rhyhorn42
46.9%
Horsea32
46.3%
Goldeen33
41.6%

You're not logged in!

Compare scores with friends on all Sporcle quizzes.
Join for Free
OR
Log In

You Might Also Like...

Show Comments

Extras

Top Quizzes Today


Score Distribution

Your Account Isn't Verified!

In order to create a playlist on Sporcle, you need to verify the email address you used during registration. Go to your Sporcle Settings to finish the process.

Report this User

Report this user for behavior that violates our Community Guidelines.

Details: